01474cam a2200373 a 450000100090000000300040000900500170001300800410003001000170007102000180008802000150010602500270012103500260014803700640017404000180023804200100025604300120026608200160027811100640029424500610035826000450041930000290046450000940049350400510058765100390063870000250067771000340070285601060073685600910084290600450093394200120097899900150099095200950100514688862OSt20230619143454.0061007s2006 ii a b 101 0 eng  a 2007343172 a9788171885640 a8171885640 aI-E-2007-343172; 79-92 a(IN-NdUBS)UBS06002529 bLibrary of Congress -- New Delhi Overseas OfficecRs1295.00 aDLCcDLCdDLC alcode aa-ii--- a303.49bMAL2 aIndira Gandhi Conferencen(9th :d2004 :cNew Delhi, India)10aIndia, the next decade /cedited by Manmohan Malhoutra. aNew Delhi :bAcademic Foundation,c2006. a570 p. :bill. ;c25 cm. a"Published in association with the Indira Gandhi Memorial Trust, New Delhi"--T. p. verso. aIncludes bibliographical references and index. 0aIndiaxHistoryy1947-vCongresses.1 aMalhoutra, Manmohan.2 aIndira Gandhi Memorial Trust.423Contributor biographical informationuhttp://www.loc.gov/catdir/enhancements/fy0707/2007343172-b.html423Publisher descriptionuhttp://www.loc.gov/catdir/enhancements/fy0707/2007343172-d.html a7bcbccorigoded3encipf20gy-gencatlg 2ddccBK c1344d1344 00102ddc4070a002b002d2023-06-19l0o303.49 MALp10000062r2023-06-19w2023-06-19yBK